000 00272nam a2200097Ia 4500
082 _a658.4092|HAND
245 0 _aRaise your leaders
100 _a Handley, Jenny South Africa, 2013 First edition
_960825
942 _cBK
008 210817s9999 xx 000 0 und d
999 _c191221
_d191219